[Event "Titled Tuesday intern op 04th May"]
[Site "Chess.com INT"]
[Date "2021.05.04"]
[Round "1"]
[White "Alvarez Fernandez, Enrique"]
[Black "Sokolov, Andrey M"]
[Result "1-0"]
[WhiteElo "2349"]
[BlackElo "2323"]
[PlyCount "73"]
[EventDate "2021.05.04"]
[EventType "swiss (blitz)"]
[EventRounds "11"]
[EventCountry "USA"]
[SourceTitle "CBM 202 Extra"]
[Source "ChessBase"]
[SourceDate "2021.07.31"]
[SourceVersion "1"]
[SourceVersionDate "2021.07.31"]
[SourceQuality "1"]

1. e4 c5 2. Nf3 Nc6 3. d4 cxd4 4. Nxd4 g6 5. Nc3 Bg7 6. Be3 Nf6 7. f3 0-0 8. Be2 d5 9. Nxc6 bxc6 10. e5 Ne8 11. f4 f6 12. Bf3 e6 13. Bc5 Rf7 14. Qe2 fxe5 15. fxe5 Qc7 16. Bd4 c5 17. Nb5 Qb6 18. Bc3 Rb8 19. a4 a6 20. Na3 Bd7 21. b3 Qc7 22. Bb2 c4 23. Rc1 c3 24. Ba1 Bxe5 25. Qd3 Bxh2 26. Qxc3 Qxc3+ 27. Bxc3 Bg3+ 28. Kf1 Bd6 29. Ke2 Ng7 30. Rh3 Bxa3 31. Rch1 h5 32. g4 Be7 33. gxh5 gxh5 34. Bxh5 Nxh5 35. Rg1+ Ng7 36. Rgh1 Bf6 37. Rh8# 1-0

[Event "Titled Tuesday intern op 04th May"]
[Site "Chess.com INT"]
[Date "2021.05.04"]
[Round "10"]
[White "Sokolov, Andrey M"]
[Black "Smietanska, Wiktoria"]
[Result "0-1"]
[WhiteElo "2323"]
[BlackElo "1879"]
[PlyCount "122"]
[EventDate "2021.05.04"]
[EventType "swiss (blitz)"]
[EventRounds "11"]
[EventCountry "USA"]
[SourceTitle "CBM 202 Extra"]
[Source "ChessBase"]
[SourceDate "2021.07.31"]
[SourceVersion "1"]
[SourceVersionDate "2021.07.31"]
[SourceQuality "1"]

1. d4 d5 2. Bf4 c5 3. e3 Nc6 4. c3 Nf6 5. Nd2 Bf5 6. Ngf3 Qb6 7. Qb3 c4 8. Qxb6 axb6 9. a3 b5 10. Rc1 e6 11. Be2 Be7 12. h3 0-0 13. Ne5 Nxe5 14. Bxe5 Ne4 15. g4 Nxd2 16. Kxd2 Bg6 17. f3 f6 18. Bg3 Bd8 19. Bd6 Re8 20. h4 e5 21. h5 Bf7 22. f4 e4 23. Rcg1 Be6 24. g5 f5 25. g6 h6 26. Bd1 Be7 27. Bxe7 Rxe7 28. Bc2 Rd7 29. Ra1 Rd6 30. a4 Rda6 31. a5 Rxa5 32. Rxa5 Rxa5 33. Rb1 Ra2 34. Kc1 Kf8 35. b3 Bd7 36. bxc4 dxc4 37. Rb2 Rxb2 38. Kxb2 Ke7 39. Ka3 b6 40. Kb4 Kd6 41. Bd1 Kc6 42. Be2 Be6 43. Bf1 Bd5 44. Bh3 Be6 45. d5+ Kxd5 46. Kxb5 Bd7+ 47. Kxb6 Kd6 48. Bf1 Be6 49. Kb5 Bd7+ 50. Kxc4 Ba4 51. Kd4 Bd1 52. Bc4 Bxh5 53. Bf7 Bg4 54. c4 h5 55. c5+ Kc6 56. Bc4 h4 57. Bf1 Bh5 58. Bh3 Bxg6 59. Ke5 Kxc5 60. Ke6 Kc4 61. Ke7 Kd3 0-1

[Event "Internet Section 14-A"]
[Site "Dos Hermanas"]
[Date "2003.03.14"]
[Round "8"]
[White "Sokolov, Andrey M"]
[Black "Nakamura, Hikaru"]
[Result "0-1"]
[WhiteElo "2331"]
[BlackElo "2520"]
[PlyCount "115"]
[EventDate "2003.03.14"]
[EventType "swiss (blitz)"]
[EventRounds "9"]
[EventCountry "ESP"]
[SourceTitle "EXT 2004"]
[Source "ChessBase"]
[SourceDate "2003.11.25"]
[SourceVersion "1"]
[SourceVersionDate "2003.11.25"]
[SourceQuality "1"]

1. Nf3 Nf6 2. d4 d5 3. g3 g6 4. Bg2 Bg7 5. 0-0 0-0 6. c4 Nc6 7. cxd5 Nxd5 8. e4 Nb6 9. d5 Na5 10. Nc3 c6 11. Nd4 cxd5 12. exd5 e6 13. Nb3 Nac4 14. dxe6 Bxe6 15. Qxd8 Raxd8 16. Nc5 Bf5 17. Nxb7 Rc8 18. Re1 Rfe8 19. Bf4 Nxb2 20. Rxe8+ Rxe8 21. Nd6 Rd8 22. Nxf5 Bxc3 23. Ne7+ Kg7 24. Nc6 Rd7 25. Rc1 Bf6 26. Ne5 Re7 27. Nc6 Rd7 28. Ne5 Re7 29. Nc6 Re8 30. Nxa7 Nd3 31. Rd1 Nxf4 32. gxf4 Re2 33. a3 Be7 34. Bf3 Ra2 35. Nc6 Bc5 36. Rf1 Rxa3 37. Kg2 Ra2 38. Ne5 Bd4 39. Nc6 Bc5 40. Ne5 Bd4 41. Nc6 Bf6 42. Re1 Rb2 43. Re2 Rb1 44. Ne5 Rb4 45. Re4 Rb1 46. Re2 Nc8 47. h3 Nd6 48. Bg4 h5 49. Bd7 Rb4 50. Kg3 Rd4 51. Bc6 Nf5+ 52. Kf3 Rd6 53. Be4 Nd4+ 54. Ke3 Nxe2 55. Kxe2 Re6 56. Bd5 Re7 57. Kf3 Bxe5 58. Bc4 0-1